Keep your contract zipped (Record no. 70350)
[ view plain ]
| 000 -LEADER | |
|---|---|
| fixed length control field | 00607cam a2200133 4500 |
| 008 - FIXED-LENGTH DATA ELEMENTS--GENERAL INFORMATION | |
| fixed length control field | 020524n2002 000 0 eng u |
| 035 ## - SYSTEM CONTROL NUMBER | |
| System control number | (Sirsi) u118133 |
| 100 ## - MAIN ENTRY--PERSONAL NAME | |
| Personal name | Tweeddale, A. |
| 245 ## - TITLE STATEMENT | |
| Title | Keep your contract zipped |
| 260 ## - PUBLICATION, DISTRIBUTION, ETC. | |
| Date of publication, distribution, etc. | 2002 |
| 490 ## - SERIES STATEMENT | |
| Series statement | Estates Gazette |
| Volume/sequential designation | (0219) 11 May 2002, 143(1) |
| 520 ## - SUMMARY, ETC. | |
| Summary, etc. | Looks at the purpose of entire agreement clauses (EACs) which are intended to clarify terms and conditions set out in contracts. The article emphasises that EACs need to be properly drafted in order to pass the reasonableness test contained in the Unfair Contract Terms Act 1977. |
| 942 ## - ADDED ENTRY ELEMENTS (KOHA) | |
| Suppress in OPAC | 0 |
| Withdrawn status | Lost status | Source of classification or shelving scheme | Damaged status | Not for loan | Home library | Current library | Shelving location | Date acquired | Total Checkouts | Barcode | Date last seen | Copy number | Price effective from | Koha item type |
|---|---|---|---|---|---|---|---|---|---|---|---|---|---|---|
| Dewey Decimal Classification | London | London | Journal article | 24/05/2002 | 118133-1001 | 06/08/2019 | 1 | 06/08/2019 | Journal article |